England National Football Team Players: T, U & V - Statistics

General Stats
  • This quiz has been taken 7 times
  • The average score is 16 of 64
Answer Stats
Caps Goals First Cap Last Cap Player % Correct
1 0 2004 2004 Alan Thompson
80%
2 0 1983 1983 Danny Thomas
80%
8 0 1974 1975 Dave Thomas
80%
9 0 1991 1992 Geoff Thomas
80%
26 7 2015 2018 Jamie Vardy
80%
42 1 1976 1982 Phil Thompson
80%
2 0 1951 1957 Tommy Thompson
80%
7 1 2023 2025 Ivan Toney
60%
2 0 1988 1989 Michael Thomas
60%
16 0 1964 1970 Peter Thompson
60%
19 16 1953 1957 Tommy Taylor
60%
2 0 1900 1901 Archie Turner
40%
27 0 1972 1977 Colin Todd
40%
22 6 2002 2004 Darius Vassell
40%
1 0 1953 1953 Ernie Taylor
40%
2 0 1931 1931 Hugh Turner
40%
2 0 2018 2018 James Tarkowski
40%
3 0 1893 1898 Jimmy Turner
40%
2 0 1951 1951 Jim Taylor
40%
78 6 2003 2012 John Terry
40%
54 1 2017 2024 Kieran Trippier
40%
21 2 2003 2010 Matthew Upson
40%
4 2 1976 1976 Peter Taylor
40%
3 0 1947 1947 Phil Taylor
40%
8 0 1922 1926 Ted Taylor
40%
3 0 1976 1976 Tony Towers
40%
2 0 1891 1892 Alf Underwood
20%
13 3 2013 2016 Andros Townsend
20%
2 0 1994 1995 Barry Venison
20%
3 1 1962 1966 Bobby Tambling
20%
8 0 1963 1964 Bobby Thomson
20%
2 0 1975 1975 Colin Viljoen
20%
1 0 1995 1995 David Unsworth
20%
2 1 1960 1961 Dennis Viollet
20%
1 0 1965 1965 Derek Temple
20%
1 0 1894 1894 Arthur Topham
0%
1 0 1919 1919 Bobby Turnbull
0%
6 0 1977 1980 Brian Talbot
0%
6 0 1906 1909 Colin Veitch
0%
1 0 1927 1927 Dan Tremelling
0%
6 2 1975 1977 Dennis Tueart
0%
1 0 1953 1953 Derek Ufton
0%
5 0 2019 2023 Fikayo Tomori
0%
4 6 1934 1935 Fred Tilson
0%
2 0 1922 1923 Fred Titmuss
0%
7 0 1923 1925 Fred Tunstall
0%
1 0 1881 1881 George Tait
0%
4 1 1923 1925 George Thornewell
0%
2 0 1892 1892 George Toone
0%
1 0 1936 1936 George Tweedy
0%
1 0 1913 1913 George Utley
0%
2 0 1899 1899 Harry Thickitt
0%
5 6 1882 1884 Howard Vaughton
0%
1 0 1907 1907 Irvine Thornley
0%
2 0 1923 1923 Jack Tresadern
0%
3 0 1931 1932 Joe Tate
0%
2 0 1925 1926 John Townrow
0%
1 3 1894 1894 John Veitch
0%
2 0 1873 1875 Pelham van Donop
0%
2 0 1892 1894 Robert Topham
0%
1 0 1873 1873 Robert Vidal
0%
2 0 1964 1964 Terry Venables
0%
4 0 1923 1926 Thomas Urwin
0%
2 2 1889 1890 William Townley
0%
No matching quizzes found
Score Distribution
Percent of People with Each Score
Percentile by Number Answered
Your Score History
You have not taken this quiz